Luật công chứng

Uloženo v:
Podrobná bibliografie
Médium: Kniha
Jazyk:Undetermined
Vydáno: Hà Nội Lao động 2008
Témata:
Tagy: Přidat tag
Žádné tagy, Buďte první, kdo otaguje tento záznam!
Thư viện lưu trữ: Trung tâm Học liệu Trường Đại học Cần Thơ
LEADER 00506nam a2200169Ia 4500
001 CTU_139675
008 210402s9999 xx 000 0 und d
020 |c 7000 
082 |a 347.597016 
082 |b L504 
245 0 |a Luật công chứng 
260 |a Hà Nội 
260 |b Lao động 
260 |c 2008 
650 |a Civil procedure ( Vietnamese law ),Thủ tục dân sự (luật Việt Nam) 
904 |i Trọng Hải 
980 |a Trung tâm Học liệu Trường Đại học Cần Thơ